000 00717nam a22002537a 4500
001 BR6005319
003 BR-BrBNA
005 20241127122852.0
007 ta
008 230509b bl.||||| |||| 00| 0 por d
040 _aBR-BrBNA
_bpor
_cBiblioteca Nacional de Agricultura
041 _a(Por)
072 _aF00; F70; B50
_b1953
090 _a 1953 BR6005319 OBR
_b2024-7515
100 1 _aGuimaraes, F.F.
110 1 _aMinisterio da Agricultura, Industria e Commercio, Rio de Janeiro, GB (Brasil). Servico de Informacoes
245 1 _aA alfafa
260 3 _aRio de Janeiro, GB (Brasil):
_c1925.
300 _a56 p.
650 _aAlfafa
650 _aPratica Cultural
650 _aHistoria
942 _cBK
_2AGRIS
999 _c57878
_d57878